An expository dictionary of New Testament words: (Record no. 15022)

000 -LEADER
fixed length control field 00716nam a2200193 a 4500
001 - CONTROL NUMBER
control field :::00012860$&:&@@
003 - CONTROL NUMBER IDENTIFIER
control field OkBaRHE
005 - DATE AND TIME OF LATEST TRANSACTION
control field 20000607103423.0
008 - FIXED-LENGTH DATA ELEMENTS--GENERAL INFORMATION
fixed length control field s1966 j 000 0 eng u
040 ## - CATALOGING SOURCE
Transcribing agency
100 1# - MAIN ENTRY--PERSONAL NAME
Personal name Vine, W. E. (William Edwyn), 1873-1949.
245 13 - TITLE STATEMENT
Title An expository dictionary of New Testament words:
Remainder of title with their precise meanings for English readers.
260 ## - PUBLICATION, DISTRIBUTION, ETC. (IMPRINT)
Place of publication, distribution, etc Old Tappan, NJ., :
Name of publisher, distributor, etc Fleming H. Revell Company
Date of publication, distribution, etc 1966
300 ## - PHYSICAL DESCRIPTION
Extent 346, 351 p. :c23 cm.
650 ## - SUBJECT ADDED ENTRY--TOPICAL TERM
Topical term or geographic name as entry element Bible New Testament
General subdivision Dictionaries
650 ## - SUBJECT ADDED ENTRY--TOPICAL TERM
Topical term or geographic name as entry element Greek Language, Biblical
General subdivision Dictionaries
942 ## - ADDED ENTRY ELEMENTS (KOHA)
Source of classification or shelving scheme
Koha item type Books
Copies
Damaged status Checked out Not for loan Date last seen Current Location Copy number Date acquired Barcode Koha item type Price effective from Date checked out Full call number Lost status Source of classification or shelving scheme Withdrawn status Shelving location Total Checkouts Permanent Location
 2020-03-30 2020-03-09RHEMA Bible Training College12010-04-1412860Books2010-04-142020-03-09PA 881 .V485   General Stacks2RHEMA Bible Training College